logo

Bir Sreshtho Munshi Abdur Rouf Library
Jhenaidah Cadet College

Contemporary social concerns / (Record no. 12746)

MARC details
000 -LEADER
fixed length control field 00626nam a2200229 a 4500
001 - CONTROL NUMBER
JCCL Control Number 12746
003 - CONTROL NUMBER IDENTIFIER
JCCL marc code BD-JhCC
005 - DATE AND TIME OF LATEST TRANSACTION
control field 20230510113054.0
008 - FIXED-LENGTH DATA ELEMENTS--GENERAL INFORMATION
fixed length control field 230510s2023 |||| |||| 000 0 eng d
020 ## - INTERNATIONAL STANDARD BOOK NUMBER
International Standard Book Number 9789845028424
035 ## - SYSTEM CONTROL NUMBER
system control number (BD-JhCC)12746
040 ## - CATALOGING SOURCE
Original cataloging agency BD-JhCC
Modifying agency BD-JhCC
041 ## - LANGUAGE CODE
Language code of Book eng
082 ## - DEWEY DECIMAL CLASSIFICATION NUMBER
Classification number 305.80095492
Author mark and Year AMI 2023
100 ## - MAIN ENTRY--PERSONAL NAME
Personal name Amin, Dr. Zulfiqur Ahmed
245 ## - TITLE STATEMENT
Title Contemporary social concerns /
Statement of responsibility, etc Dr. Zulfiqur Ahmed Amin
260 ## - PUBLICATION, DISTRIBUTION, ETC. (IMPRINT)
Place of publication, distribution, etc Dhaka
Name of publisher, distributor, etc Anayaprokash,
Date of publication, distribution, etc 2023.
300 ## - PHYSICAL DESCRIPTION
Pagination 144 p. :
Dimensions 21 cm.
650 ## - SUBJECT ADDED ENTRY--TOPICAL TERM
Topical term or geographic name as entry element Economic conditions
650 ## - SUBJECT ADDED ENTRY--TOPICAL TERM
Topical term or geographic name as entry element Scheduled tribes in Bangladesh
942 ## - ADDED ENTRY ELEMENTS (KOHA)
Source of classification or shelving scheme Dewey Decimal Classification
Koha item type Books
Holdings
Source of classification or shelving scheme Damaged status Not for loan Home library Current library Shelving location Date of accession Cost, normal purchase price Full call number Barcode Date last seen Copy number Method of acquisition Koha item type Currency Total Checkouts Date checked out
Dewey Decimal Classification     JCC Rouf Library JCC Rouf Library General Stacks 05/10/2023 450.00 305.80095492 AMI 2023 17743 05/10/2023 C-2 Gift/Donation Books BDT    
Dewey Decimal Classification     JCC Rouf Library JCC Rouf Library General Stacks 05/10/2023 450.00 305.80095492 AMI 2023 17744 01/22/2024 C-3 Purchase Books BDT 1 01/15/2024
Dewey Decimal Classification     JCC Rouf Library JCC Rouf Library General Stacks 05/10/2023 450.00 305.80095492 AMI 2023 17742 05/10/2023 C-1 Purchase Books BDT    

JCC Library | Contacts | JCC Home

Last Update on 23 September 2017
Copyright @ 2017-2020 JCC Rouf Library
Rouf Library, Jhenidah Cadet College (JCC), Bangladesh